Zákon č. 513/1991 Zb. Obchodný zákonník s komentárom

Zákon č. 513/1991 Zb. obchodný zákonník v znení ďalších zákonov ... a zákonov č. 440/2012 Z.z. a č. 9/2013 Z.z.

Enregistré dans:
Détails bibliographiques
Auteur principal: Andrášiová, Andrea
Autres auteurs: Horváth, Edmund
Format: Chapitre de livre
Langue:slovaque
Sujets:
Tags: Ajouter un tag
Pas de tags, Soyez le premier à ajouter un tag!

MARC

LEADER 00000naa a2200000 4500
001 0173679
005 20231120103336.7
041 0 |a slo 
044 |a SK 
245 1 0 |a Zákon č. 513/1991 Zb. Obchodný zákonník s komentárom  |c Andrea Andrášiová, Edmund Horváth 
520 |a Zákon č. 513/1991 Zb. obchodný zákonník v znení ďalších zákonov ... a zákonov č. 440/2012 Z.z. a č. 9/2013 Z.z. 
610 2 0 |a zákonník obchodný 
610 2 0 |a Slovensko 
100 1 |a Andrášiová, Andrea 
700 1 |a Horváth, Edmund